Die 37 größten Seen Europas - Statistiken

Allgemein
  • Dieses Quiz wurde 58 mal gespielt
  • Das Durchschnittsergebnis liegt bei 5 aus 37
Antwortstatistiken
Fläche
(km2)
liegt in...
(Land /Ort)
See % Korrekt
536 🇩🇪 🇦🇹 🇨🇭 Bodensee
98%
580 🇨🇭 🇫🇷 Genfer See
67%
17 703 🇷🇺 (Karelien) Ladogasee
57%
594 🇭🇺 Balaton /Plattensee
53%
9 720 🇷🇺 (Karelien) Onegasee
35%
1 886 🇸🇪 Vättern
35%
5 519 🇸🇪 Vänern
31%
1 137 🇳🇱 IJsselmeer
22%
1 040 🇫🇮 (Lappland) Inarijärvi
18%
3 555 🇪🇪 🇷🇺 Peipussee
10%
1 090 🇸🇪 Mälaren
6%
4 370 🇫🇮 Saimaa
6%
982 🇷🇺 (Nowgorod) Ilmensee
4%
922 🇺🇦 Kiewer Meer
4%
887 🇫🇮 Oulujärvi
4%
1 080 🇫🇮 Päijänne
4%
894 🇫🇮 Pielinen
4%
1 290 🇷🇺 (Wologda) Weißer See /Wologda
4%
2 252 🇺🇦 Krementschuker Stausee
2%
4 580 🇷🇺 (Jaroslawl) Rybinsker Stausee
2%
567 🇺🇦 Dniprodserschynsker Stausee
0%
1 590 🇷🇺 Gorkier Stausee
0%
560 🇫🇮 Haukivesi
0%
812 🇷🇺 (Murmansk) Imandra
0%
2 155 🇺🇦 Kachowkaer Stausee
0%
675 🇺🇦 Kaniwer Stausee
0%
608 🇷🇺 (Murmansk) Kowdosero
0%
6 450 🇷🇺 (Samara) Kuibyschewer Stausee
0%
700 🇳🇱 Markermeer
0%
601 🇫🇮 Orivesi
0%
712 🇫🇮 Pihlajavesi
0%
659 🇷🇺 (Karelien) Pjaosero
0%
1 831 🇷🇺 Saratower Stausee
0%
906 🇷🇺 (Karelien) Segosero
0%
986 🇷🇺 (Karelien) Toposero
0%
1 250 🇷🇺 (Karelien) Wygosero
0%
2 700 🇷🇺 (Rostow) Zimljansker Stausee
0%
Keine übereinstimmenden Quizze gefunden
Verteilung der Resultate
Anzahl Personen mit jedem Resultat
Perzentil nach korrekt beantworteten Fragen
Ihre Resultats-Entwicklung
Sie haben dieses Quiz noch nicht gespielt